Statistiques concernant Les 30 pays du monde avec la meilleur IDH

Cliquez ici pour prendre le quiz!

Statistiques générales

  • Ce quiz a été pris 139 fois
  • Le résultat moyen est 23 sur 30

Statistiques - réponses

IDHPays% Correct
0,903France
100%
0,947Suède
99%
0,961Norvège
98%
0,921États-Unis
96%
0,940Finlande
96%
0,905Espagne
95%
0,936Canada
94%
0,962Suisse
94%
0,942Allemagne
93%
0,925Japon
93%
0,948Danemark
92%
0,937Belgique
89%
0,941Pays-Bas
88%
0,951Australie
87%
0,895Italie
87%
0,929Royaume-Uni
87%
0,959Islande
86%
0,916Autriche
82%
0,945Irlande
82%
0,925Corée du Sud
81%
0,930Luxembourg
75%
0,937Nouvelle-Zélande
74%
0,939Singapour
62%
0,935Liechtenstein
58%
0,890Estonie
54%
0,911Émirats arabes unis
48%
0,918Malte
42%
0,918Slovénie
39%
0,896Chypre
32%
0,919Israël
25%

Distribution des résultats

Percentile par nombre de réponses

% des personnes avec chaque résultat

Votre développement - résultats

Vous n’avez pas pris ce quiz